Intuição (Registo nº 11417)

Detalhes MARC
000 -Etiqueta do registo
Valores 00672nam a22002051i 4500
090 ## -
-- 11417
100 ## - Dados gerais de processamento
Dados gerais 20170304u u u0frey50 ba
101 0# - Língua de publicação
-- por
200 1# - Titulo e menção de responsabilidade
Primeira menção de responsabilidade Charles E. Osho
Título próprio Intuição
215 ## - Descrição física 
Paginação / Volumes 196, [4] p.
Dimensões 22 cm
210 ## - Publicação
Nome do editor Sábado
Data de publicação D.L. 2006
225 2# - Colecção 
Título próprio da colecção O melhor de si
300 ## - Notas gerais 
Texto da nota Exemplar nÇ 0035502 oferta de Ana Faleiro
410 #0 -
-- O melhor de si
702 #1 - Autor secundário (pessoa individual)
Apelido Vaz
Nome Elvira
-- 730
700 #1 - Autor principal (pessoa individual)
Apelido Osho
Nome Charles E.
-- 070
996 ## - ISO2709
-- 0012629
-- OSH
-- 00000000
-- 00000000
-- BMVA
-- 1
-- Viana do Alentejo
-- Psicologia
-- 25
-- Livro
-- 0
-- 1
996 ## - ISO2709
-- 0035502
-- OSH
-- 00000000
-- 00000000
-- BMVAAG
-- 4
-- Aguiar
-- Psicologia
-- 25
-- Livro
-- 0
-- 1
990 ## - Elementos KOHA
Tipo de documento Livro
Exemplares
Situação do levantamento Estado Biblioteca de origem Biblioteca de empréstimo Código de barras Cota Permissão de empréstimo Tipo de documento
  Completo Biblioteca Municipal de Viana Do Alentejo Biblioteca Municipal de Viana Do Alentejo 0016229 159.9 OSH Disponível Livro
  Completo Biblioteca Municipal de Viana Do Alentejo Biblioteca Municipal de Viana Do Alentejo Pólo Aguiar 0030210 159.9 OSH Disponível Livro




Powered by Koha